UBT Library

On Course (Record no. 56097)

000 -LEADER
fixed length control field 00312nam a22001457a 4500
008 - FIXED-LENGTH DATA ELEMENTS--GENERAL INFORMATION
fixed length control field 210309b ||||| |||| 00| 0 eng d
020 ## - INTERNATIONAL STANDARD BOOK NUMBER
International Standard Book Number 9781133309741
041 ## - LANGUAGE CODE
Language code of text/sound track or separate title eng
080 ## - UNIVERSAL DECIMAL CLASSIFICATION NUMBER
Edition identifier 2nd
Universal Decimal Classification number 159.9
082 ## - DEWEY DECIMAL CLASSIFICATION NUMBER
Edition number 2nd
Classification number 159.9
100 ## - Rafti
Rafti 49
101 ## - Shkurtesa
Shkurtesa PSI
245 ## - TITLE STATEMENT
Title On Course
Statement of responsibility, etc Wadsworth
942 ## - ADDED ENTRY ELEMENTS (KOHA)
Source of classification or shelving scheme
Item type Books
Holdings
Withdrawn status Lost status Source of classification or shelving scheme Damaged status Not for loan Collection code Permanent location Current location Shelving location Date acquired Total Checkouts Full call number Barcode Date last seen Price effective from Koha item type
          Koleksioni i përgjithshem UBT - Lipjan UBT - Lipjan Koleksioni i përgjithshem 03/09/2021   159.9 WAD 002-7001331 03/09/2021 03/09/2021 Books
UBT Library © 2015-2024. All rights reserved University Education for Business and Technology